书目信息 |
| 题名: |
新型单片机接口器件与技术
|
|
| 作者: | 林凌 编著 | |
| 分册: | ||
| 出版信息: | 西安 西安电子科技大学出版社 2005.1 |
|
| 页数: | 334页 | |
| 开本: | 26cm | |
| 丛书名: | ||
| 单 册: | ||
| 中图分类: | TP368.1 | |
| 科图分类: | ||
| 主题词: | 单片微型计算机--dan pian wei xing ji suan ji , 接口设备--jie kou she bei , 单片微型计算机--dan pian wei xing ji suan ji--接口设备--基本知识 | |
| 电子资源: | ||
| ISBN: | 7-5606-1464-7 | |
| 000 | 01364nam0 2200361 450 | |
| 000 | 01392nam0 2200361 450 | |
| 000 | 01355nam0 2200349 450 | |
| 000 | 01312nam0 2200337 450 | |
| 000 | 01301nam0 2200337 450 | |
| 000 | 01264nam0 2200325 450 | |
| 001 | CAL 012006064866 | |
| 005 | 20061106104853.68 | |
| 010 | @a7-5606-1464-7@dCNY34.00 | |
| 099 | @aCAL 012006064866 | |
| 100 | @a20060825d2005 em y0chiy0120 ea | |
| 101 | 0 | @achi |
| 102 | @aCN@b610000 | |
| 105 | @aa a 000yy | |
| 200 | 1 | @a新型单片机接口器件与技术@Axin xing dan pian ji jie kou qi jian yu ji shu@f林凌 … [等]编著 |
| 210 | @a西安@c西安电子科技大学出版社@d2005.1 | |
| 215 | @a334页@c图@d26cm | |
| 304 | @a本书编著为: 林凌、李刚、丁茹等 | |
| 320 | @a有书目 (第333-334页) | |
| 330 | @a本书介绍了最新的单片机接口芯片与技术。全书共7章, 分别为传感器与模拟信号处理器件、I/O接口、键盘与LED显示驱动器件, 新型存储器器件等。 | |
| 333 | @a阅读对象: 从事单片机技术应用的工程技术人员 | |
| 510 | 1 | @aUp-to-date interface devices and technology for single chip of micro-computer@zeng |
| 606 | 0 | @a单片微型计算机@Adan pian wei xing ji suan ji |
| 606 | 0 | @a接口设备@Ajie kou she bei |
| 606 | 0 | @a单片微型计算机@Adan pian wei xing ji suan ji@x接口设备@x基本知识 |
| 690 | @aTP368.1@v4 | |
| 701 | 0 | @a林凌@Alin ling@4编著 |
| 801 | 0 | @aCN@c20061106 |
| 905 | @a10447@dTP368.1@eL500 | |
| 新型单片机接口器件与技术/林凌 … [等]编著.-西安:西安电子科技大学出版社,2005.1 |
| 334页:图;26cm |
| 使用对象:阅读对象: 从事单片机技术应用的工程技术人员 |
| ISBN 7-5606-1464-7:CNY34.00 |
| 本书介绍了最新的单片机接口芯片与技术。全书共7章, 分别为传感器与模拟信号处理器件、I/O接口、键盘与LED显示驱动器件, 新型存储器器件等。 |
| ● |
| 相关链接 |
|
|
|
正题名:新型单片机接口器件与技术
索取号:TP368.1/L500
 
预约/预借
| 序号 | 登录号 | 条形码 | 馆藏地/架位号 | 状态 | 备注 |
| 1 | 630677 | 206306772 | 自科库301/301自科库 62排7列5层/ [索取号:TP368.1/L500] | 在馆 |